Normal view
MARC view
Entry Personal Name
001 - CONTROL NUMBER
- control field: 64364
003 - CONTROL NUMBER IDENTIFIER
- control field: dpl
005 - DATE AND TIME OF LATEST TRANSACTION
- control field: 20240408123306.0
008 - FIXED-LENGTH DATA ELEMENTS
- fixed length control field: 240408|| aca||aabn | a|a d
040 ## - CATALOGING SOURCE
- Original cataloging agency: dpl
- Transcribing agency: dpl
100 ## - HEADING--PERSONAL NAME
- Personal name: शर्मा,राजू
670 ## - SOURCE DATA FOUND
- Source citation: Work cat.: (dpl)201954: शर्मा,राजू , व्यभिचारी /, 2022
